Agency 2009 (Record no. 81636)

MARC details
000 -LEADER
fixed length control field 01196cab a22002175a 4500
001 - CONTROL NUMBER
control field L147767
008 - FIXED-LENGTH DATA ELEMENTS--GENERAL INFORMATION
fixed length control field 090616e20090612xxkd f s 000 0 eng d
035 ## - SYSTEM CONTROL NUMBER
System control number (Sirsi) u147767
041 0# - LANGUAGE CODE
Language code of text/sound track or separate title eng
100 1# - MAIN ENTRY--PERSONAL NAME
Personal name Sandher, Hardeep
245 00 - TITLE STATEMENT
Title Agency 2009
260 ## - PUBLICATION, DISTRIBUTION, ETC.
Date of publication, distribution, etc. 2009
490 #0 - SERIES STATEMENT
Series statement Property Week
Volume/sequential designation 75 (24) 12 June 2009, 45-49 (5)
520 ## - SUMMARY, ETC.
Summary, etc. Presents Property Week's Agency 2009 league tables. Reports a fall of 15.5% in the collective turnover of Britain's top 57 property agencies in 2008. This is equivalent to £400m. Medium-sized firms fared well. Savills is on the top of the league, followed by CB Richard Ellis and DTZ. NB Real Estate experienced the strongest rise in revenues (+23%) and is at the 14th position. Tables of top property services firms ranked by UK turnover; top property services firms ranked by UK turnover per fee-earner; top European property services firm ranked buy European turnover; and top global property services firm ranked by worldwide turnover.
590 ## - LOCAL NOTE (RLIN)
Local note KA NTK
650 24 - SUBJECT ADDED ENTRY--TOPICAL TERM
Topical term or geographic name entry element AGENCY LEAGUE TABLE
651 #4 - SUBJECT ADDED ENTRY--GEOGRAPHIC NAME
Geographic name United Kingdom
Chronological subdivision
690 ## - LOCAL SUBJECT ADDED ENTRY--TOPICAL TERM (OCLC, RLIN)
Topical term or geographic name as entry element PROPERTY-COMMERCIAL PROPERTY-COMMERCIAL PROPERTY MARKET
700 1# - ADDED ENTRY--PERSONAL NAME
Personal name Shepherd, Mark
942 ## - ADDED ENTRY ELEMENTS (KOHA)
Suppress in OPAC 0
Holdings
Withdrawn status Lost status Source of classification or shelving scheme Damaged status Not for loan Home library Current library Shelving location Date acquired Total Checkouts Full call number Barcode Date last seen Copy number Price effective from Koha item type
    Dewey Decimal Classification     London London Journal article 16/06/2009   L147767 147767-1001 06/08/2019 1 06/08/2019 Journal article